00325pab a2200109 454500008003600000100002300036245005200059362003100111650002400142650002900166773002000195180718b xxu||||| |||| 00| 0 eng d aLakshmi Reddy M.V. aCrapshooting with adult education organisations a32(41), 10 Oct 1994, p.4-6 a Education -- India aAdult Education -- India aUniversity News